000 00388nam a22001337a 4500
022 _a2632-573X
082 _a0
100 _aElectron Publishing Limited.
_986544
245 _aPractical Electronics :
_bThe UK's premier electronics and computing maker magazine /
260 _aUK.
300 _b29 cm.
650 _aElectronics - Magazines, Electrical - Magazines.
_986545
942 _cCR
999 _c586850
_d586850